WWE One Minute Quiz: Triple H - Statistics

General Stats
  • This quiz has been taken 1,002 times
  • The average score is 4 of 5
Answer Stats
Question Answer % Correct
What Team Was He a Part Of For Most Of His Career? D-Generation X
91%
What is His Finishing Move? Pedigree
91%
Who is He Currently Married To? (October 2014) Stephanie McMahon
89%
How Old is Triple H? (October 2014) Forty-Five
85%
Who Did He Lose To at Wrestlemania XXX? Daniel Bryan
68%
No matching quizzes found
Score Distribution
Percent of People with Each Score
Percentile by Number Answered
Your Score History
You have not taken this quiz